Soria pura / (Record no. 120610)

MARC details
000 -LEADER
campo de control de longitud fija 00612nam a2200205 4500
001 - NÚMERO DE CONTROL
campo de control 120610
003 - IDENTIFICADOR DE NÚMERO DE CONTROL
campo de control ES-MaACL
005 - FECHA Y HORA DE LA ÚLTIMA TRANSACCIÓN
campo de control 20250811110609.0
007 - CAMPO FIJO DE DESCRIPCIÓN FÍSICA--INFORMACIÓN GENERAL
campo de control de longitud fija t|
008 - DATOS DE LONGITUD FIJA--INFORMACIÓN GENERAL
campo de control de longitud fija 070214s1977 sp r ||||1| spa d
100 0# - ENTRADA PRINCIPAL--NOMBRE DE PERSONA
Nombre de persona Pozanco, Víctor,
Fechas asociadas al nombre 1940-
9 (RLIN) 93527
245 10 - MENCIÓN DEL TÍTULO
Título Soria pura /
Mención de responsabilidad, etc. Víctor Pozanco.
250 ## - MENCION DE EDICION
Mención de edición 2ª ed.
260 ## - PUBLICACIÓN, DISTRIBUCIÓN, ETC.
Lugar de publicación, distribución, etc. Burgos :
Nombre del editor, distribuidor, etc. [s. n.],
Fecha de publicación, distribución, etc. 1977 (
Fabricante Imp. Monte Carmelo)
300 ## - DESCRIPCIÓN FÍSICA
Extensión 38 p. ;
Dimensiones 19 cm.
490 1# - MENCIÓN DE SERIE
Mención de serie Artesa. Cuadernos de poesía ;
Designación de volumen o secuencia 31
830 00 - PUNTO DE ACCESO ADICIONAL DE SERIE-TÍTULO UNIFORME
Título uniforme Artesa.
Nombre de parte o sección de la obra Cuadernos de poesía
Designación de volumen o secuencia 31
9 (RLIN) 183816
852 ## - LOCALIZACIÓN
Ubicación ES-MaACL
Número de control de estantería 2090-F-27
Sublocalización o colección R.95905
Holdings
Estatus retirado Estado de pérdida Estado de daño No para préstamo Colección Biblioteca de origen Biblioteca actual Ubicación en estantería Fecha de adquisición Fuente de adquisición Total de préstamos Signatura topográfica completa Código de barras Visto por última vez Precio de reemplazo Tipo de ítem Koha
        Colección de folletos Biblioteca del Ateneo de Madrid Biblioteca del Ateneo de Madrid Depósito folletos 17/01/2008     2090-F-27 1125715 23/02/2023 23/02/2023 Folleto